|
|
|
|
| LEADER |
00682nam a2200193Ia 4500 |
| 001 |
CTU_149968 |
| 008 |
210402s9999 xx 000 0 und d |
| 082 |
|
|
|a 595.32
|
| 082 |
|
|
|b I. 61/Vol.2
|
| 245 |
|
0 |
|a Artemia research and its applications :
|
| 245 |
|
0 |
|b proceedings of the Second International Symposium on the Brine Shrimp Artemia, organised under the patronage of His Majesty the King of Belgium
|
| 245 |
|
0 |
|c Walter Decleir...[et al.]
|
| 260 |
|
|
|a Wetteren, Belgium
|
| 260 |
|
|
|b Universa Press
|
| 260 |
|
|
|c 1987
|
| 650 |
|
|
|a Artemia,Artemia
|
| 650 |
|
|
|x Congresses.,Congresses,Research
|
| 904 |
|
|
|i Năm
|
| 980 |
|
|
|a Trung tâm Học liệu Trường Đại học Cần Thơ
|